| 000 | 00504cam a22001932 4500 | ||
|---|---|---|---|
| 001 | 0000002852 | ||
| 005 | 20151217151906.0 | ||
| 008 | 070420s xx 000 0 eng d | ||
| 020 |
_a0025439472 : _cKES 120 |
||
| 040 |
_aKABU _cKABU |
||
| 050 | 0 |
_aPS3557 _b.I77S54 |
|
| 100 | 1 |
_aGirzone, Joseph F. _@0000152355 |
|
| 245 | 1 | 4 | _aThe Shepherd. |
| 260 |
_aNew York : _bMacmillan, _c1990. |
||
| 300 | _a246 p. | ||
| 908 | _a070420 | ||
| 950 | _@1 | ||
| 999 |
_c6055 _d6055 |
||